The law review 2005

Bibliographic Details
Format: Book
Published: Malaysia : Sweet & Maxwell Asia , 2005
Subjects:
Law

MARC

LEADER 00000cam a2200000 7i4500
001 0000016861
005 20080430.0
008 080430
020 |a 9832631726 
090 0 0 |a 340   |b LAW 
245 1 4 |a The law review 2005 
260 |a Malaysia :   |b Sweet & Maxwell Asia ,   |c 2005 
650 0 |a Law 
999 |a 0001011640   |b Book   |c REFERENCE   |e Perbadanan Perpustakaan Awam Johor